00722 2200265 4500001002100000005001700021020002200038035002400060040001200084082001800096084002000114090002000134100002300154245007600177250001700253260004100270300003600311650001200347850001200359990001700371990001700388990001700405990001700422990001700439YOGYA00000000010139220141014130314.0 a978-979-756-992-1 0010-031400000000228 aYOPDYOG 2[22]a736.982 aT 736.982 Dia O aT 736.982 Dia O aDIAN SATYA PRATIWI aOrigami seri alat transportasib: kendaraan daratc/ Dian Satya Pratiwi aEd.1, cet. 1 aYogyakartabSpektrum Nusantarac2013 a44 hlm.bilus.c23 cm. (5 eks.) aOrigami aYOPDYOG a6001/PD.2014 a6002/PD.2014 a6003/PD.2014 a6004/PD.2014 a6005/PD.2014